00808nam a2200181 a 450000100100000000500170001000800410002704000250006808200150009310000230010824500700013124600690020126001360027030000390040650000730044550000760051850400320059400004364520201002044909.0140401s1978 dr a 000 0 spa d aDO-SdBNPbspacBNPHU axxxxbxxxx1 aGrondín, Marcelo10aComunidad andina :bexplotación calculada /cMarcelo Grondín.14aUn estudio sobre la organización comunal de Muquiyauyo, Perú aSanto domingo :bUnidad de Divulgación Técnica de la Secretaría de Estado de Agricultura de la República Dominicana,c1978. axx, 279 p. :bil., mapas ;c22 cm. aIncluye referencias bibliográficas y notas al pie de las páginas aIncluye datos biografícos del autor en la solapa de la contracubierta aBibliografía : p. 271-279